000 01618nam a2200385Ia 4500
001 ebr10744758
003 CaPaEBR
006 m o u
007 cr cn|||||||||
008 130617s2013 caua sb 000 0 eng d
010 _z 2013019795
020 _z0833080369 (pbk. : alk. paper)
020 _z9780833080363 (pbk. : alk. paper)
020 _z9780833080424 (ebook)
040 _aCaPaEBR
_cCaPaEBR
035 _a(OCoLC)849510208
050 1 4 _aNX180.P64
_bS39 2013eb
100 1 _aSchwartz, Lowell.
245 1 0 _aArtists and the Arab uprisings
_h[electronic resource] /
_cLowell H. Schwartz, Dalia Dassa Kaye, Jeffrey Martini.
260 _aSanta Monica, CA :
_bRAND,
_c2013.
300 _axix, 79 p. :
_bill.
504 _aIncludes bibliographical references.
533 _aElectronic reproduction.
_bPalo Alto, Calif. :
_cebrary,
_d2013.
_nAvailable via World Wide Web.
_nAccess may be limited to ebrary affiliated libraries.
650 0 _aArab Spring, 2010-
650 0 _aArt patronage
_zArab countries
_xHistory
_y21st century.
650 0 _aArts and society
_zArab countries
_xHistory
_y21st century.
650 0 _aArts
_xPolitical aspects
_zArab countries
_xHistory
_y21st century.
650 0 _aGovernment aid to the arts
_zArab countries
_xHistory
_y21st century.
655 7 _aElectronic books.
_2local
700 1 _aKaye, Dalia Dassa.
700 1 _aMartini, Jeffrey.
710 2 _aebrary, Inc.
710 2 _aNational Defense Research Institute (U.S.)
856 4 0 _uhttp://site.ebrary.com/lib/rucke/Doc?id=10744758
_zAn electronic book accessible through the World Wide Web; click to view
999 _c14034
_d14034